000
00213nam a2200097Ia 4500
008
120527s9999 xx 000 0 und d
100
_a
WATSON, Peter
245
_a
Animal traction
260
_b
Artisan
942
_c
BK
999
_c
25201
_d
25201